000 01509cam a2200289 i 4500
003 SA-RiAUC
005 20250313115024.0
008 250304s1997 ts g 000 0 ara c
040 _aSA-RiKSU
_bara
_cSA-RiAUC
_erda
043 _aa-ts---
082 0 4 _a306.09535
_qSA-RiAUC
090 _a306.09535
_bم ر ك
110 2 _aمركز جمعة الماجد للثقافة والتراث.
_bإدارة البحث العلمي والنشاط الثقافي
_eمؤلف.
245 1 2 _aالنشاط الثقافي في دولة الإمارات العربية المتحدة عام 1996 م /
_cإعداد إدارة البحث العلمي والنشاط الثقافي، مركز جمعة الماجد ؛ مراجعة وتقديم عبد الرحمن فرفور.
250 _aالطبعة الأولى.
264 1 _aدبي، الإمارات العربية المتحدة :
_bمركز جمعة الماجد للثقافة والتراث،
_c1997
300 _a547 صفحة ؛
_c24 سم
336 _aنص
_btxt
_2rdacontent
_3كتاب
337 _aبدون وسيط
_bn
_2rdamedia
338 _aمجلد
_bnc
_2rdacarrier
505 0 _aيشتمل على كشافات: ص 416: 564
650 7 _aالثقافة
_zالإمارات العربية المتحدة
_2aucsh
650 7 _aالثقافة
_vمقالات ومحاضرات
_2aucsh
651 7 _aالإمارات العربية المتحدة
_xحياة فكرية
_yقرن 20
_2aucsh
942 _2ddc
_cBOOK
_n0
949 _aSA-JeALM
_d250304
_umohamedma123
_n1
999 _c6388
_d6388